<?xml version="1.0" encoding="UTF-8"?>
<record
    xmlns:xsi="http://www.w3.org/2001/XMLSchema-instance"
    xsi:schemaLocation="http://www.loc.gov/MARC21/slim http://www.loc.gov/standards/marcxml/schema/MARC21slim.xsd"
    xmlns="http://www.loc.gov/MARC21/slim">

  <leader>00878nam a22002657a 4500</leader>
  <controlfield tag="003">NALT</controlfield>
  <controlfield tag="005">20251121155121.0</controlfield>
  <controlfield tag="006">a|||p|r|||| 00| 0</controlfield>
  <controlfield tag="007">ta</controlfield>
  <controlfield tag="008">240425b        th |||p| |||| 00| 0 tha d</controlfield>
  <datafield tag="022" ind1="0" ind2="0">
    <subfield code="a">10455736</subfield>
  </datafield>
  <datafield tag="040" ind1=" " ind2=" ">
    <subfield code="a">NALT</subfield>
  </datafield>
  <datafield tag="041" ind1=" " ind2=" ">
    <subfield code="a">eng</subfield>
  </datafield>
  <datafield tag="100" ind1=" " ind2=" ">
    <subfield code="c">Journal of Democracy</subfield>
  </datafield>
  <datafield tag="245" ind1="0" ind2="0">
    <subfield code="a">Journal of Democracy</subfield>
  </datafield>
  <datafield tag="260" ind1=" " ind2=" ">
    <subfield code="a">Johns Hopkins University Press USA</subfield>
  </datafield>
  <datafield tag="310" ind1=" " ind2=" ">
    <subfield code="a">Quarterly</subfield>
  </datafield>
  <datafield tag="500" ind1=" " ind2=" ">
    <subfield code="a">&#xE1A;&#xE2D;&#xE01;&#xE23;&#xE31;&#xE1A;&#xE41;&#xE17;&#xE19;&#xE27;&#xE32;&#xE23;&#xE2A;&#xE32;&#xE23; OXFORD JOURNAL OF LEGAL STUDIES &#xE40;&#xE19;&#xE37;&#xE48;&#xE2D;&#xE07;&#xE08;&#xE32;&#xE01;&#xE44;&#xE21;&#xE48;&#xE44;&#xE14;&#xE49;&#xE23;&#xE31;&#xE1A;&#xE43;&#xE19;&#xE1B;&#xE35; &#xE04;.&#xE28;. 2023 
</subfield>
  </datafield>
  <datafield tag="650" ind1=" " ind2="0">
    <subfield code="a">Democracy</subfield>
    <subfield code="9">89</subfield>
  </datafield>
  <datafield tag="850" ind1=" " ind2=" ">
    <subfield code="a">NALT</subfield>
  </datafield>
  <datafield tag="866" ind1=" " ind2=" ">
    <subfield code="a">Vol.35 No.1 (January-December 2024), Vol. 35 No. 1- (January 2025-)</subfield>
  </datafield>
  <datafield tag="942" ind1=" " ind2=" ">
    <subfield code="c">JNR</subfield>
    <subfield code="s">1</subfield>
    <subfield code="0">1</subfield>
  </datafield>
  <datafield tag="996" ind1=" " ind2=" ">
    <subfield code="a">jintana.i</subfield>
    <subfield code="b">SERSTF</subfield>
    <subfield code="c">2024-04-25</subfield>
  </datafield>
  <datafield tag="999" ind1=" " ind2=" ">
    <subfield code="c">105108</subfield>
    <subfield code="d">105108</subfield>
  </datafield>
  <datafield tag="998" ind1=" " ind2=" ">
    <subfield code="j">111</subfield>
    <subfield code="k"> &#xE19;&#xE32;&#xE07;&#xE2A;&#xE32;&#xE27;&#xE1E;&#xE08;&#xE1E;&#xE34;&#xE13;  &#xE1E;&#xE23;&#xE21;&#xE40;&#xE2D;&#xE35;&#xE48;&#xE22;&#xE21;</subfield>
  </datafield>
  <datafield tag="952" ind1=" " ind2=" ">
    <subfield code="0">0</subfield>
    <subfield code="1">0</subfield>
    <subfield code="2">lcc</subfield>
    <subfield code="4">0</subfield>
    <subfield code="7">0</subfield>
    <subfield code="8">CPER</subfield>
    <subfield code="a">NALT</subfield>
    <subfield code="b">NALT</subfield>
    <subfield code="c">JNR</subfield>
    <subfield code="d">2024-04-25</subfield>
    <subfield code="e">&#xE08;&#xE31;&#xE14;&#xE0B;&#xE37;&#xE49;&#xE2D;</subfield>
    <subfield code="h">Vol. 35 No. 1 (January 2024)</subfield>
    <subfield code="l">0</subfield>
    <subfield code="p">2900035368</subfield>
    <subfield code="r">2024-04-26 00:00:00</subfield>
    <subfield code="u">https://search-library.parliament.go.th/files/cover/Cover-journal/Journal%20of%20Democracy/Jornal%20Demo_v35n1.jpg</subfield>
    <subfield code="w">2024-04-25</subfield>
    <subfield code="y">JNR</subfield>
  </datafield>
  <datafield tag="952" ind1=" " ind2=" ">
    <subfield code="0">0</subfield>
    <subfield code="1">0</subfield>
    <subfield code="2">lcc</subfield>
    <subfield code="4">0</subfield>
    <subfield code="7">0</subfield>
    <subfield code="8">CPER</subfield>
    <subfield code="a">NALT</subfield>
    <subfield code="b">NALT</subfield>
    <subfield code="c">JNR</subfield>
    <subfield code="d">2024-05-24</subfield>
    <subfield code="e">&#xE08;&#xE31;&#xE14;&#xE0B;&#xE37;&#xE49;&#xE2D;</subfield>
    <subfield code="h">Vol. 35 No. 2 (April 2024)</subfield>
    <subfield code="l">0</subfield>
    <subfield code="p">2900035426</subfield>
    <subfield code="r">2024-05-24 00:00:00</subfield>
    <subfield code="u">https://search-library.parliament.go.th/files/cover/Cover-journal/Journal%20of%20Democracy/Jornal%20Demo_v35n2.jpg</subfield>
    <subfield code="w">2024-05-24</subfield>
    <subfield code="y">JNR</subfield>
  </datafield>
  <datafield tag="952" ind1=" " ind2=" ">
    <subfield code="0">0</subfield>
    <subfield code="1">0</subfield>
    <subfield code="2">lcc</subfield>
    <subfield code="4">0</subfield>
    <subfield code="7">0</subfield>
    <subfield code="8">CPER</subfield>
    <subfield code="a">NALT</subfield>
    <subfield code="b">NALT</subfield>
    <subfield code="c">JNR</subfield>
    <subfield code="d">2024-09-19</subfield>
    <subfield code="h">Vol. 35 No. 3 (July 2024)</subfield>
    <subfield code="l">0</subfield>
    <subfield code="p">2900035645</subfield>
    <subfield code="r">2024-09-20 00:00:00</subfield>
    <subfield code="u">https://search-library.parliament.go.th/files/cover/Cover-journal/Journal%20of%20Democracy/Jornal%20Demo_v35n3.jpg</subfield>
    <subfield code="w">2024-09-19</subfield>
    <subfield code="y">JNR</subfield>
  </datafield>
  <datafield tag="952" ind1=" " ind2=" ">
    <subfield code="0">0</subfield>
    <subfield code="1">0</subfield>
    <subfield code="2">lcc</subfield>
    <subfield code="4">0</subfield>
    <subfield code="7">0</subfield>
    <subfield code="8">CPER</subfield>
    <subfield code="a">NALT</subfield>
    <subfield code="b">NALT</subfield>
    <subfield code="c">JNR</subfield>
    <subfield code="d">2024-11-22</subfield>
    <subfield code="e">&#xE08;&#xE31;&#xE14;&#xE0B;&#xE37;&#xE49;&#xE2D;</subfield>
    <subfield code="h">Vol. 35 No. 4 (October 2024)</subfield>
    <subfield code="l">0</subfield>
    <subfield code="p">2900035767</subfield>
    <subfield code="r">2024-11-22 00:00:00</subfield>
    <subfield code="u">https://search-library.parliament.go.th/files/cover/Cover-journal/Journal%20of%20Democracy/Jornal%20Demo_v35n4.jpg</subfield>
    <subfield code="w">2024-11-22</subfield>
    <subfield code="y">JNR</subfield>
  </datafield>
  <datafield tag="952" ind1=" " ind2=" ">
    <subfield code="0">0</subfield>
    <subfield code="1">0</subfield>
    <subfield code="2">lcc</subfield>
    <subfield code="4">0</subfield>
    <subfield code="7">0</subfield>
    <subfield code="8">CPER</subfield>
    <subfield code="a">NALT</subfield>
    <subfield code="b">NALT</subfield>
    <subfield code="c">JNR</subfield>
    <subfield code="d">2025-07-18</subfield>
    <subfield code="e">&#xE08;&#xE31;&#xE14;&#xE0B;&#xE37;&#xE49;&#xE2D;</subfield>
    <subfield code="h">Vol. 36 No. 1 (January 2025)</subfield>
    <subfield code="l">0</subfield>
    <subfield code="p">2900036178</subfield>
    <subfield code="r">2025-07-18 00:00:00</subfield>
    <subfield code="u">https://search-library.parliament.go.th/files/cover/Cover-journal/Journal%20of%20Democracy/Jornal%20Demo_v36n1.jpg</subfield>
    <subfield code="w">2025-07-18</subfield>
    <subfield code="y">JNR</subfield>
  </datafield>
  <datafield tag="952" ind1=" " ind2=" ">
    <subfield code="0">0</subfield>
    <subfield code="1">0</subfield>
    <subfield code="2">lcc</subfield>
    <subfield code="4">0</subfield>
    <subfield code="7">0</subfield>
    <subfield code="8">CPER</subfield>
    <subfield code="a">NALT</subfield>
    <subfield code="b">NALT</subfield>
    <subfield code="c">JNR</subfield>
    <subfield code="d">2025-07-18</subfield>
    <subfield code="e">&#xE08;&#xE31;&#xE14;&#xE0B;&#xE37;&#xE49;&#xE2D;</subfield>
    <subfield code="h">Vol. 36 No. 2 (April 2025)</subfield>
    <subfield code="l">1</subfield>
    <subfield code="p">2900036179</subfield>
    <subfield code="r">2025-11-28 00:00:00</subfield>
    <subfield code="s">2025-11-21</subfield>
    <subfield code="u">https://search-library.parliament.go.th/files/cover/Cover-journal/Journal%20of%20Democracy/Jornal%20Demo_v36n2.jpg</subfield>
    <subfield code="w">2025-07-18</subfield>
    <subfield code="y">JNR</subfield>
  </datafield>
  <datafield tag="952" ind1=" " ind2=" ">
    <subfield code="0">0</subfield>
    <subfield code="1">0</subfield>
    <subfield code="2">lcc</subfield>
    <subfield code="4">0</subfield>
    <subfield code="7">0</subfield>
    <subfield code="8">CPER</subfield>
    <subfield code="a">NALT</subfield>
    <subfield code="b">NALT</subfield>
    <subfield code="c">JNR</subfield>
    <subfield code="d">2025-08-29</subfield>
    <subfield code="e">&#xE08;&#xE31;&#xE14;&#xE0B;&#xE37;&#xE49;&#xE2D;</subfield>
    <subfield code="h">Vol. 36 No. 3 (July 2025)</subfield>
    <subfield code="l">0</subfield>
    <subfield code="p">2900036269</subfield>
    <subfield code="r">2025-08-29 00:00:00</subfield>
    <subfield code="u">https://search-library.parliament.go.th/files/cover/Cover-journal/Journal%20of%20Democracy/Jornal%20Demo_v36n3.jpg</subfield>
    <subfield code="w">2025-08-29</subfield>
    <subfield code="y">JNR</subfield>
  </datafield>
  <datafield tag="952" ind1=" " ind2=" ">
    <subfield code="0">0</subfield>
    <subfield code="1">0</subfield>
    <subfield code="2">lcc</subfield>
    <subfield code="4">0</subfield>
    <subfield code="7">0</subfield>
    <subfield code="8">CPER</subfield>
    <subfield code="a">NALT</subfield>
    <subfield code="b">NALT</subfield>
    <subfield code="c">JNR</subfield>
    <subfield code="d">2025-12-09</subfield>
    <subfield code="e">&#xE08;&#xE31;&#xE14;&#xE0B;&#xE37;&#xE49;&#xE2D;</subfield>
    <subfield code="h">Vol. 36 No. 4 (October 2025)</subfield>
    <subfield code="l">0</subfield>
    <subfield code="p">2900036404</subfield>
    <subfield code="r">2025-12-09 00:00:00</subfield>
    <subfield code="u">https://search-library.parliament.go.th/files/cover/Cover-journal/Journal%20of%20Democracy/Jornal%20Demo_v36n4.jpg</subfield>
    <subfield code="w">2025-12-09</subfield>
    <subfield code="y">JNR</subfield>
  </datafield>
</record>
